00585 2200193 4500001002100000005001500021035002000036007000300056008003900059082001800098084002400116100002400140245009100164260004100255300004200296650001100338600002900349022001300378INLIS00000000000107420241024090722 a0010-1024000044ta241024 | | |  a636.089-636.2 a636.089-636.2 REN l0 aRenata Urban-Chmiel1 aLameness in Cattle—Etiopathogenesis, Prevention and Treatment /cRenata Urban-Chmiel aSwitzerland, Basel :bMDPI AG,c2024 a1-18 hlm, :bilus, ;c21 cm X 29,5 cm 4aJurnal 4aPencegahan Penyakit Sapi a20762615